Ψυχολογία του παιδός = Psychology of childhood

Αποθηκεύτηκε σε:
Λεπτομέρειες βιβλιογραφικής εγγραφής
Κύριος συγγραφέας: Σακελλαρίου, Γεώργιος Θ.
Μορφή: Βιβλίο
Γλώσσα:Greek
Δημοσίευση: Αθήναι : Παπαζήσης, 1953
Έκδοση:4η έκδ.
Θέματα:
Ετικέτες: Προσθήκη ετικέτας
Δεν υπάρχουν, Καταχωρήστε ετικέτα πρώτοι!

MARC

LEADER 00000cam a2200000 i 4500
001 1/57014
008 040608s1953 gr | ||| |||| ||gre||
035 |l 10073699 
040 |a GR-MY-UA  |b gre  |e aacr 
041 0 |a gre 
082 0 |a 155.4 
100 1 |a Σακελλαρίου, Γεώργιος Θ. 
245 1 0 |a Ψυχολογία του παιδός =  |b Psychology of childhood /  |c Γεωργίου Θ. Σακελλαρίου 
246 2 1 |a Psychology of childhood 
250 |a 4η έκδ. 
260 |a Αθήναι :   |b Παπαζήσης,   |c 1953 
300 |a 671 σ., τ.1 
504 |a Περιέχει βιβλιογραφία και πίνακες ονομάτων 
650 0 0 |a Child psychology. 
852 |a INST  |b RHODES  |c AKA  |e 20040608  |h  155.4 ΣΑΚ  |p 005400018869  |q 005400018869  |t BK  |v τ.1:  |y 0  |z τ.1 
853 |a INST  |b RHODES  |c AKA  |h  155.4 ΣΑΚ 
901 |a BIBL4-2004-2 
909 |a Ρ  |b 109643 
970 |a ΚΟΥΛΑΚΙΟΤΗ  |b ΛΙΤΣΑ  |z 2004/06/08